| 000 | 00407cam a2200169ua 4500 | ||
|---|---|---|---|
| 041 |
_aeng _h |
||
| 082 |
_a823.301 _bJEP/SH |
||
| 100 | _aJepson, R W . | ||
| 245 |
_aShort stories by modern writers / _cR W Jepson. _hTextual Documents |
||
| 260 |
_aLondon : _bLongman , _c1960. |
||
| 300 | _a223 ; . | ||
| 504 | _a | ||
| 942 | _cBK | ||
| 999 |
_c4305 _d4305 |
||